Engineering Fluid Mechanics SI Version (Record no. 344172)

MARC details
000 -LEADER
fixed length control field 00508nam a2200181Ia 4500
008 - FIXED-LENGTH DATA ELEMENTS--GENERAL INFORMATION
fixed length control field 230718s9999 xx 000 0 und d
020 ## - INTERNATIONAL STANDARD BOOK NUMBER
International Standard Book Number 9788126564491
041 ## - LANGUAGE CODE
Language code of text/sound track or separate title eng
082 ## - DEWEY DECIMAL CLASSIFICATION NUMBER
Classification number 620.106
Item number ELG
100 ## - MAIN ENTRY--PERSONAL NAME
Personal name Elger D.F.
245 ## - TITLE STATEMENT
Title Engineering Fluid Mechanics SI Version
250 ## - EDITION STATEMENT
Edition statement 10th ed.
260 ## - PUBLICATION, DISTRIBUTION, ETC. (IMPRINT)
Date of publication, distribution, etc. 2017
Name of publisher, distributor, etc. Wiley
300 ## - PHYSICAL DESCRIPTION
Extent 673
365 ## - TRADE PRICE
Currency code Rs.
Price amount 799.00
700 ## - ADDED ENTRY--PERSONAL NAME
Personal name Elger D.F.; Williams B.C.; Crowe C.T. & Roberson J.A.
906 ## - LOCAL DATA ELEMENT F, LDF (RLIN)
d O:0371623-Jan-2017B:276817-Jan-2017
c MECH
b 431.46
Holdings
Withdrawn status Lost status Damaged status Not for loan Home library Current library Date acquired Vendor Budget Code Cost, normal purchase price Bill number Total Checkouts Full call number Barcode Date last seen Date last checked out Discount Cost, replacement price Bill Date Koha item type Original Barcode
        Cummins College of Engineering for Women Pune Cummins College of Engineering for Women Pune 25/01/2017 Technical Book Services MECH 583.27 2768 1 620.106 CCEP-BK-55379 05/02/2026 22/01/2026 431.46 799.00 17/01/2017 Books 055379